Animals Beginning with 'H' - Pictures - Statistics

General Stats
  • This quiz has been taken 192 times
  • The average score is 13 of 20
Answer Stats
Picture Answer % Correct
Hamster
95%
Hyena
94%
Hare
93%
Horse
93%
Hen
92%
Hippopotamus
92%
Hammerhead Shark
91%
Hummingbird
87%
Hedgehog
85%
Hermit Crab
77%
Hawk
74%
Heron
68%
Hornet
68%
House Fly
56%
Horseshoe Crab
44%
Halibut
36%
Harvest Mouse
19%
Haddock
17%
Harp Seal
17%
Hartebeest
9%
No matching quizzes found
Score Distribution
Percent of People with Each Score
Percentile by Number Answered
Your Score History
You have not taken this quiz